000 00663nam a2200289Ia 4500
005 20260324125002.0
008 008 260324s9999 xx 000 0 eng d
020 _a9780203870297
037 _aEBOOK
040 _aCRL
040 _beng
040 _cCRL
041 _2eng
041 _aeng
084 _qCRL
100 _aEugenio Barba
_91176252
245 0 _aOn Directing and Dramaturgy
245 0 _bBurning the House
260 _bTaylor and Francis
260 _c2009
365 _a
365 _b230
856 _uhttp://www.taylorfrancis.com/books/9780203870297
942 _cEBOOK
999 _c1771122
_d1771122